Globalism versus realism :

Gorde:
Xehetasun bibliografikoak
Egile nagusia: Maghroori, Ray
Formatua: Liburua
Hizkuntza:Undetermined
Argitaratua: Boulder Westview Press 1982
Gaiak:
Etiketak: Etiketa erantsi
Etiketarik gabe, Izan zaitez lehena erregistro honi etiketa jartzen!
Thư viện lưu trữ: Trung tâm Học liệu Trường Đại học Cần Thơ
LEADER 00477nam a2200181Ia 4500
001 CTU_80319
008 210402s9999 xx 000 0 und d
082 |a 327.1 
082 |b R167 
100 |a Maghroori, Ray 
245 0 |a Globalism versus realism : 
245 0 |c Ray Maghroori 
260 |a Boulder 
260 |b Westview Press 
260 |c 1982 
650 |a International relations 
904 |i Trọng Hải 
980 |a Trung tâm Học liệu Trường Đại học Cần Thơ